000 00700nam a2200205Ia 4500
003 IN-BaIIA
008 211028s9999 xx 000 0 eng d
020 _a0-12-226690-0
040 _cIIA Library
080 _a031:52
_bMEY
245 0 _aEncyclopedia of astronomy and astrophysics
_cedited by R. A. Meyers
260 _aSan Diego
_bEducational Supplies
_c1989
300 _axi, 807p
490 _aAstronomy and Astrophysics
650 _aAstronomy and Astrophysics Encyclopedia
_916074
650 _aAstronomy and Astrophysics Thesaurus
650 _aEncyclopedia-Astronomy and Astrophysics
_916075
700 _aMeyers, R A. ed
_916076
942 _cBK
999 _c9539
_d9539